000 00401nam a2200157Ia 4500
008 230917s9999||||xx |||||||||||||| ||und||
040 _e107803
_aMAIN
041 _aEnglish
082 _a658.152 F522S
100 _aFischer, Donald E.
245 0 _aSecurity analysis and portfolio management
250 _a6th ed.
260 _aDelhi
_bPearson Education
_c2004
300 _a691p p.
942 _cBK
999 _c123177
_d123177